| 000 | 00510nam a2200169Ia 4500 | ||
|---|---|---|---|
| 003 | LDD | ||
| 008 | 190117s9999 xx 000 0 und d | ||
| 020 | _c₹60 | ||
| 040 | _cLDD | ||
| 041 | _ahi | ||
| 082 | _a8h3.7 प्रे592प्रे | ||
| 100 | _aप्रेमचंद | ||
| 245 | 0 |
_aप्रेमचंद की श्रेष्ठ कहानियाँ _cप्रेमचंद |
|
| 260 |
_aनई दिल्ली _bजगतराम _c1995 |
||
| 300 | _a168 | ||
| 942 |
_2ddc _cH |
||
| 999 |
_c164166 _d164166 |
||